Countries with similar names- Flag shape quiz - Statistics

General Stats
  • This quiz has been taken 39 times
  • The average score is 14 of 16
Answer Stats
Picture Answer % Correct
Democratic Republic of the Congo
94%
Iceland
94%
Ireland
94%
North Korea
94%
Niger
92%
Nigeria
92%
Republic of the Congo
92%
South Korea
92%
Equatorial Guinea
89%
Iran
89%
Iraq
89%
Papua New Guinea
89%
South Sudan
83%
Sudan
83%
Guinea
81%
Guinea-Bissau
81%
No matching quizzes found
Score Distribution
Percent of People with Each Score
Percentile by Number Answered
Your Score History
You have not taken this quiz